000 00685nam a2200205 i 4500
001 52994
003 ES-MaACL
005 20260316165932.0
007 t|
008 950907s1888 fr ac ||||1| fre d
040 _aCAM
_bspa
_cCAM
100 1 _aDostoievski, Fiódor,
_d1821-1881
_9242371
245 1 4 _aLes frères Karamazov /
_cTh. Dostoïevsky ; traduit et adapté par E. Halpérine-Kaminsky et Ch. Morice.
260 _aParis :
_bE. Plon, Nourrit et Cie.,
_c[1888]
300 _a2 v. ;
_c18 cm.
700 1 _aGal'perin-Kaminskij, Il'â Danilovic,
_d1858-1936
_9127773
700 1 _aMorice, Charles.
_983545
852 _aES-MaACL
_jD-1284-85
999 _c52994
_d52994